000 01073nmm a2200325 a 4500
003 AR-BaBNM
005 20251128202931.0
008 220120s1945 ||||||||||||||000 | spa||
040 _cAR-BaBNM
100 1 _aGutiérrez, Juan María
_d1809-1878
245 1 0 _aBiografía del General Don José de San Martín
_bcon una biografía del autor por Don Antonio Zinny y el discurso sobre el General San Martín, pronunciado por el Dr. Don Nicolás Avellaneda el 5 de abril de 1877, aniversario de la batalla de Maipú
260 _aBuenos Aires
_bMónica
_c1945
300 0 _a145 p.
_bil.
600 1 4 _aSan Martín, José de
600 1 4 _aBolívar, Simón
650 4 _aHISTORIA ARGENTINA
650 4 _aBIOGRAFIAS
650 4 _aGUERRAS DE LA INDEPENDENCIA
650 4 _aCAMPANAS LIBERTADORAS
650 4 _aHISTORIA
650 4 _aREGRESO DE SAN MARTIN
650 4 _aHISTORIA POLITICA
650 4 _aCAUDILLOS ARGENTINOS
650 4 _aINDEPENDENCIA ARGENTINA
651 4 _aPerú
651 4 _aChile
655 _aBIOGRAFIAS
942 _cBK
998 _cMariana
999 _c1210
_d1210